000 00485nab a2200145Ia 4500
003 ES-SlBCS
005 20210601135731.0
008 140529s1970 xxu||||| |||| 00| 0 spa d
041 _aspa
100 1 _aNipkow, Karl Ernst
_9236017
245 0 0 _a¿Qué temas y materias, además de la Sagrada Escritura, deberán ser utilizados en la catequesis?
_c Karl Ernst Nipkow
650 0 4 _aCatequesis
_914341
773 0 _tConcilium
_gvol. 1, nº. 53, 1970, págs. 360-375
_wRev134
942 _cAR
999 _c633101
_d633101